| 000 | 01159nam a22003377a 4500 | ||
|---|---|---|---|
| 003 | CHAP | ||
| 005 | 20220329134613.0 | ||
| 008 | 971013s1953 r 00010 d | ||
| 010 | _a22912 | ||
| 011 | _a23884 | ||
| 035 | _a27981 | ||
| 040 | _cCHAP | ||
| 082 |
_a631.1 _bB73 |
||
| 100 | 0 | 0 |
_aBradford, Lawrence A. _914953 |
| 245 | _aFarm management analysis | ||
| 260 |
_aNew York : _bWiley, _c1953 |
||
| 300 | _a438 p. | ||
| 590 |
_aBATCH-UPD _b10 _c20130110 _lUCH01 _h1533 |
||
| 590 |
_aBATCH-UPD _b10 _c20130410 _lUCH01 _h0939 |
||
| 590 |
_aBATCH-UPD _b10 _c20130914 _lUCH01 _h0752 |
||
| 590 |
_aCONVERSION _b10 _c20130109 _lUCH01 _h1313 |
||
| 650 | 1 | 4 |
_aGranjas _xAdministración. _950388 |
| 700 | 0 |
_aJohnson, Glenn L. _961824 |
|
| 901 | _aBK | ||
| 942 | _cLIBRO | ||
| 949 |
_a631.1 B73 _bBC _cLIBRO _d-64608 _eLIBRO _fc.3 _h20070 _i27981 _si |
||
| 949 |
_a631.1 B73 _bBC _cLIBRO _d33724000054870 _eLIBRO _fc.5 _h51699 _i27981 _si |
||
| 949 |
_a631.1 B73 _bBC _cLIBRO _d33724000054888 _eLIBRO _fc.4 _h51699 _i27981 _si |
||
| 949 |
_a631.1 B73 _bBC _cLIBRO _d33724000054896 _eLIBRO _h20068 _i27981 _si |
||
| 949 |
_a631.1 B73 _bBC _cLIBRO _d33724000055083 _eLIBRO _fc.2 _h20068 _i27981 _si |
||
| 999 |
_c22912 _d22912 |
||